000 00602nam a22001817a 4500
005 20251108174957.0
008 250721s2010 xx 000 0 ara d
082 1 4 _a923.5/عبد
100 1 _aعبد الفتاح، عصام
245 1 0 _aهتلر رسول الحرب في القرن العشرين وحلم إمبراطورية الدم الأزرق /
264 1 _aالقاهرة :
_bمكتبة جزيرة الورد،
_c2010.
300 _a228ص.
650 1 7 _aالتراجم
650 1 7 _aالقادة العسكريون
650 1 7 _aألمانيا
942 _2ddc
_cBK
999 _c122989
_d122989